Náčrt teórie hospodárskej politiky

Salvato in:
Dettagli Bibliografici
Autore principale: Roth, Oto
Altri autori: Jakš, Jaroslav
Natura: Libro
Lingua:slovacco
Pubblicazione: Bratislava Pravda 1972
Tags: Aggiungi Tag
Nessun Tag, puoi essere il primo ad aggiungerne!!

MARC

LEADER 00000nam a2200000 4500
001 c134700
005 20041019155301.9
041 0 |a slo 
044 |a SK 
245 1 0 |a Náčrt teórie hospodárskej politiky  |c Oto Roth, Jaroslav Jakš 
264 1 |a Bratislava  |b Pravda  |c 1972 
300 |a 240 s. 
100 1 |a Roth, Oto 
700 1 |a Jakš, Jaroslav